| 000 | 00694nam a22002177a 4500 | ||
|---|---|---|---|
| 999 |
_c15729 _d15729 |
||
| 003 | AR-CdUCM | ||
| 008 | 190429b ||||| |||| 00| 0 spa d | ||
| 040 |
_aMUNICIPALIDAD PROVINCIAL DEL CUSCO _cBIBLIOTECA MUNICIPAL DEL CUSCO |
||
| 082 |
_a591.19 / _bN37 / 1976 |
||
| 100 |
_aNeill, Wilfred T. _934906 |
||
| 245 | _aBiogeografía / | ||
| 260 |
_aMéxico : _bContinental, _c1976. |
||
| 300 |
_a36 páginas ; _bIlustraciones, _c23 cm. |
||
| 440 |
_aSerie de folletos CNEB - BSCS _934907 |
||
| 505 | _aContenido: Distribución de plantas y animales. | ||
| 650 |
_aGeografía _9318 |
||
| 650 |
_aAnimales _9917 |
||
| 650 |
_aPlantas _919530 |
||
| 942 |
_2ddc _cLIBROS |
||
| 945 |
_adavv _d29/04/2019 |
||